Personnel/Human Resource Management: Principles and Practices (Record no. 640)

MARC details
000 -LEADER
Fixed length control field 00478nam a2200169 4500
003 - CONTROL NUMBER IDENTIFIER
Control field SEACOMMC
005 - DATE AND TIME OF LATEST TRANSACTION
Control field 20250421154031.0
008 - FIXED-LENGTH DATA ELEMENTS--GENERAL INFORMATION
Fixed length control field 241007b |||||||| |||| 00| 0 eng d
020 ## - INTERNATIONAL STANDARD BOOK NUMBER / ISBN
International Standard Book Number 81-72731-68-X
Price Rs.250.00
040 ## - CATALOGING SOURCE
Original cataloging agency SEACOMMC
082 ## - DEWEY DECIMAL CLASSIFICATION NUMBER
Classification number 658.3
Book Number K 92
100 ## - MAIN ENTRY--PERSONAL NAME
Personal name Krishna ,G R
245 1# - TITLE STATEMENT
Title Personnel/Human Resource Management: Principles and Practices
Statement of responsibility G. R. Krishna, P. G. Aquinas
260 ## - IMPRINT
Place of publication Delhi
Name of publisher Authorspress
Date of publication 2004
650 ## - SUBJECT ADDED ENTRY--TOPICAL TERM
Topical term Management
942 ## - ADDED ENTRY ELEMENTS (KOHA)
Koha item type Books
Holdings
Withdrawn status Lost status Source of classification Damaged status Not for loan Home library Current library Date acquired Total Checkouts Call number Accession number Date last seen Price effective from Koha item type Copy number
    Dewey Decimal Classification     SEACOM MANAGEMENT COLLEGE SEACOM MANAGEMENT COLLEGE 11/10/2007   658.3 K 92 M-448 07/10/2024 07/10/2024 Books  
    Dewey Decimal Classification     SEACOM MANAGEMENT COLLEGE SEACOM MANAGEMENT COLLEGE 11/10/2007   658.3 K 92 M-449 07/10/2024 07/10/2024 Books 1
    Dewey Decimal Classification     SEACOM MANAGEMENT COLLEGE SEACOM MANAGEMENT COLLEGE 11/10/2007   658.3 K 92 M-450 07/10/2024 07/10/2024 Books 2
© Seacom Engineering College, All rights reserved.    Powered by Koha